[Event "Main Vogelsberg op 16th"]
[Site "Waechtersbach"]
[Date "2022.10.02"]
[Round "4"]
[White "Mohr, Markus"]
[Black "Pichl, Johann"]
[Result "1-0"]
[WhiteElo "1616"]
[BlackElo "1400"]
[PlyCount "77"]
[EventDate "2022.09.30"]
[EventType "swiss"]
[EventRounds "7"]
[EventCountry "GER"]
[SourceTitle "CBM 210 Extra"]
[Source "ChessBase"]
[SourceDate "2022.11.30"]
[SourceVersion "1"]
[SourceVersionDate "2022.11.30"]
[SourceQuality "1"]

1. e4 d5 2. exd5 Nf6 3. d4 Nxd5 4. c4 Nb6 5. Be3 g6 6. h3 Bg7 7. c5 Nd5 8. Bc4 0-0 9. Nf3 Be6 10. Nbd2 Nc6 11. a3 Na5 12. Ba2 Nxe3 13. fxe3 Bxa2 14. Rxa2 Qd5 15. Ra1 f5 16. b4 Nc6 17. Qb3 e6 18. Qxd5 exd5 19. Nb3 Rfe8 20. Kf2 Bh6 21. Rae1 Re7 22. b5 Nd8 23. g4 fxg4 24. hxg4 Bg7 25. Rh2 Ne6 26. Kg3 b6 27. c6 a6 28. bxa6 Rxa6 29. Ra2 Nd8 30. Ne5 Bxe5+ 31. dxe5 Rxe5 32. Nd4 Ra4 33. Raa1 Nf7 34. Nb5 Re7 35. Nc3 Ra5 36. Kf2 Re6 37. Red1 Rxc6 38. Nxd5 Ne5 39. Ne7+ 1-0

[Event "Maastricht Limburg op-C 6th"]
[Site "Maastricht"]
[Date "2012.05.26"]
[Round "2"]
[White "Cios, Maciej"]
[Black "Mohr, Markus"]
[Result "1/2-1/2"]
[WhiteElo "1528"]
[BlackElo "1655"]
[PlyCount "96"]
[EventDate "2012.05.25"]
[EventType "swiss"]
[EventRounds "7"]
[EventCountry "NED"]
[SourceTitle "EXT 2013"]
[Source "ChessBase"]
[SourceDate "2012.11.22"]
[SourceVersion "1"]
[SourceVersionDate "2012.11.22"]
[SourceQuality "1"]

1. e4 d5 2. exd5 Qxd5 3. Nc3 Qa5 4. d4 Nf6 5. Bd2 Qb6 6. Bc1 c6 7. Nf3 Bf5 8. Bc4 e6 9. a3 Bd6 10. 0-0 Nbd7 11. Re1 0-0 12. h3 Qc7 13. Bd3 Bxd3 14. Qxd3 Nb6 15. Ne4 Nxe4 16. Qxe4 h6 17. Qg4 Kh8 18. Qh5 Bf4 19. Bxf4 Qxf4 20. g3 Qd6 21. Qe5 Qd5 22. Qxd5 cxd5 23. Ne5 Rac8 24. c3 Nc4 25. Nxc4 Rxc4 26. Rec1 Rfc8 27. Kf1 b5 28. Ke2 a5 29. Kd3 Kg8 30. Rc2 Kf8 31. b3 R4c7 32. Rac1 Ke7 33. c4 bxc4+ 34. bxc4 dxc4+ 35. Rxc4 Kd6 36. Rxc7 Rxc7 37. Rxc7 Kxc7 38. Kc4 Kc6 39. a4 h5 40. g4 hxg4 41. hxg4 g5 42. f3 f6 43. Kd3 Kd5 44. Kc3 Kd6 45. Kc4 Kc6 46. Kd3 f5 47. Kc4 f4 48. Kd3 Kd5 1/2-1/2

[Event "Maastricht Limburg op-C 5th"]
[Site "Maastricht"]
[Date "2011.06.11"]
[Round "2"]
[White "Mohr, Markus"]
[Black "Veelenturf, Wim"]
[Result "1/2-1/2"]
[WhiteElo "1597"]
[BlackElo "1697"]
[PlyCount "41"]
[EventDate "2011.06.10"]
[EventType "swiss"]
[EventRounds "7"]
[EventCountry "NED"]
[SourceTitle "EXT 2012"]
[Source "ChessBase"]
[SourceDate "2011.11.24"]
[SourceVersion "1"]
[SourceVersionDate "2011.11.24"]
[SourceQuality "1"]

1. e4 c6 2. d4 d5 3. exd5 cxd5 4. Bd3 Nf6 5. c3 Bg4 6. Qb3 Qd7 7. Bf4 Nc6 8. Nd2 a6 9. Ngf3 Bxf3 10. Nxf3 e6 11. 0-0 Be7 12. Ne5 Qc8 13. Rae1 0-0 14. Qd1 Re8 15. Nxc6 Qxc6 16. Be5 g6 17. Qf3 Nh5 18. g4 Ng7 19. Bf6 Qd6 20. Be5 Qd8 21. Kh1 1/2-1/2